000 00565nam a2200205Ia 4500
005 20250326144158.0
008 250326s9999 xx 000 0 und d
020 _a0-415-37817-6
037 _aTextbook
040 _aFMSL
_beng
_cFMSL
041 _aeng
_2eng
084 _aX;89ZB P6
_qFMSL
100 _aCoghlan D
_9741518
245 0 _aOrganization change and strategy
_cCoghlan D; Rashford N S
260 _aNY
_bNY, Routledge
_c2006
300 _a234p
365 _b2049.0808000000002
942 _cTB
_hX;89ZB P6
999 _c1302680
_d1302680